000 01006nam a2200289Ia 4500
001 u3932
003 SIRSI
005 20180220094118.0
008 920828s1992 enka c 001 0 eng c
010 _a92-49381
020 _a0199631395
020 _a0199631387 (pbk.)
039 9 _a200209091126
_bsafaa
_y200203190935
_zload
040 _aEAL
245 0 0 _aProtein engineering :
_ba practical approach /
_cedited by Anthony R. Rees, Michael J.E. Sternberg, and Ronald Wetzel.
260 _aOxford ;
_aNew York :
_bIRL Press at Oxford University Press,
_cc1992.
300 _axxv, 397 p. :
_bill. ;
_c24 cm.
440 4 _aThe Practical approach series
504 _aIncludes bibliographical references and index.
596 _a1
650 0 _aProtein engineering.
700 1 0 _aRees, Anthony R.
700 1 0 _aSternberg, Michael J. E.
700 1 0 _aWetzel, Ronald.
942 _cBK
_2lcc
999 _c30051
_d30051